000 03343cam a2200337 4500500
005 20251228051954.0
041 _afre
042 _adc
100 1 0 _aDurand, Emmanuel
_eauthor
245 0 0 _aL’incarnation comme « conversation » selon saint Thomas d’Aquin
260 _c2019.
500 _a64
520 _aLe motif de la conversation s’avère d’une étonnante richesse sémantique et théologique dans la théologie de saint Thomas d’Aquin. Après une recherche des antécédents patristiques et l’identification d’une source potentielle, cette étude propose une mise en réseau de la question De modo conversationis Christi ( Summa theol. IIIa, q. 40) avec d’autres textes de l’Aquinate au sujet de l’Incarnation ou de la charité. Deux acquis proprement doctrinaux se dégagent de la recherche ici entreprise. Primo, la conversation du Christ avec ses contemporains, jusque dans la commensalité avec les pécheurs, correspond à la pleine manifestation du mystère de l’Incarnation, en termes de « réalité expresse ». Secundo, le registre de la conversatio qualifie à la fois l’amitié entre Dieu et l’homme, rendue possible par la charité, et le type de relations que le Christ entretenait avec ses contemporains dans l’accomplissement de sa mission. Une telle affinité de langage traduit une réalité plus profonde : le Christ homme a singulièrement rapproché Dieu de l’humanité, afin que, par sa médiation, s’actualise entre eux l’alliance, sous les modes étonnants de la conversation, de la proximité et de l’intimité.
520 _aThe motif of conversation is surprisingly rich in the semantic and theology of Saint Thomas Aquinas. After a search for patristic antecedents and the identification of a potential source, this study proposes a cross-linking of the question De modo conversationis Christi ( Summa theol. IIIa, q. 40) with other texts on Incarnation or charity. Two doctrinal assets emerge from the research undertaken here. First, Christ's conversation with his contemporaries, even to the point of commensality with sinners, corresponds to the full manifestation of the mystery of the Incarnation, in terms of “expressed reality”. Secondly, the register of conversation qualifies both the friendship between God and man, made possible by charity, and the type of relationship that Christ had with his contemporaries in the fulfilment of his mission. Such an affinity of language reflects a deeper reality: Christ the man has singularly brought God closer to humanity, so that, through his mediation, the covenant may be actualized among them, under the astonishing modes of conversation, proximity and intimacy.
690 _aamitié
690 _acharité
690 _achristologie
690 _aconversatio
690 _aexpression
690 _aincarnation
690 _aThomas d’Aquin
690 _acharity
690 _aChristology
690 _aconversatio
690 _aexpression
690 _afriendship
690 _aincarnation
690 _aThomas Aquinas
786 0 _nRevue des sciences philosophiques et théologiques | 102 | 4 | 2019-11-19 | p. 561-610 | 0035-2209
856 4 1 _uhttps://shs.cairn.info/revue-des-sciences-philosophiques-et-theologiques-2018-4-page-561?lang=fr&redirect-ssocas=7080
999 _c1582583
_d1582583